000 00530nam a2200193 a 4500
001 1757824956598
003 YourLibrary
005 20250915121404.0
008 250914s2004##################000#0#eng##
020 _a9780521648400
082 0 4 _a149.97
_bCON
100 1 _aConnor, Steven,
_eauthor.
245 1 0 _aThe Cambridge Companion to Postmodernism :
260 _bCambridge University Press,
_c2004.
300 _a260 pages
650 0 _aLiterary Criticism.
942 _cENGLISH
040 _aYourLibrary
_beng
_cYourLibrary
999 _c586968
_d586968